| 000 | 00764nam a2200253 i 4500 | ||
|---|---|---|---|
| 001 | bg | ||
| 100 | 1 | _aMALINA, Witold | |
| 245 | 1 | 0 |
_aTechniki programowania / _cWitold Malina, Mariusz Szwoch ; Politechnika Gdańska. |
| 260 |
_aGdańsk : _bWydaw. PG, _c1998. |
||
| 300 |
_a133 s. : _b2 rys., 2 wykr. ; _c24 cm. |
||
| 504 | _aBibliogr. s. 132-133. | ||
| 521 | _aSkrypt dla studentów I roku kierunku Informatyka na Wydz. ETI. | ||
| 650 | 9 |
_aKomputery _xprogramowanie |
|
| 655 | _aPodręczniki akademickie | ||
| 700 | 1 | _aSZWOCH, Mariusz | |
| 710 | 0 | _aPolitechnika Gdańska | |
| 020 | _a8386537817 | ||
| 040 | _cBPK | ||
| 041 | 0 | _apl | |
| 080 | _a004.424(075.8) | ||
| 920 | _a83-86537-81-7 | ||
| 942 | _cKS | ||
| 008 | s pl f |000 0 pol | ||
| 999 |
_c37709 _d37709 |
||
| 856 |
_uhttp://koha.tu.koszalin.pl/cgi-bin/koha/opac-detail.pl?biblionumber=37709 _yKatalog online BPK |
||